Central Library and Information Centre
Sibsagar Girls' College, Sivasagar : Assam

SAMAJ TATWA PARICHAY - For 1st Semester- CBCS (Record no. 28162)

MARC details
000 -LEADER
fixed length control field 00724cam a2200205ua 4500
001 - CONTROL NUMBER
control field 24915
008 - FIXED-LENGTH DATA ELEMENTS--GENERAL INFORMATION
fixed length control field 190731n II |||gr||||Z||||||asm
082 ## - DEWEY DECIMAL CLASSIFICATION NUMBER
Classification number 301
245 ## - TITLE STATEMENT
Title SAMAJ TATWA PARICHAY - For 1st Semester- CBCS
Medium Textual Documents
250 ## - EDITION STATEMENT
Edition statement 1ST.
260 ## - PUBLICATION, DISTRIBUTION, ETC.
Place of publication, distribution, etc. JORHAT:
Name of publisher, distributor, etc. BIDYA BHAWAN,
Date of publication, distribution, etc. 2019.
300 ## - PHYSICAL DESCRIPTION
Extent 228:
Dimensions 20CM.
653 ## - INDEX TERM--UNCONTROLLED
Uncontrolled term Sociology & anthropology
700 ## - ADDED ENTRY--PERSONAL NAME
Personal name SAIKIA , UTPAL,
Relator term AUTHOR.

No items available.



Sibsagar Girl's College © 2020. All rights reserved.
Powered by Koha.
Maintained by Abhijit Borpuzari.